'EC' Words Quiz Stats

Quiz Updated Oct 1, 2015

Also try: 'CH' Words
Challenge
Share
Tweet
Embed
Score 0/18 Timer 06:00
3 Plays Today
Hint Answer % Correct
Reflection of soundEcho
98.2%
Phenomenon that occurs when the moon blocks sunlight from reaching EarthEclipse
93.3%
Chocolate-topped, cream-filled pastryÉclair
92%
Alternative to first class or business classEconomy
91.2%
State of extreme pleasureEcstasy
82.9%
Galapagos countryEcuador
81.3%
Scaly, inflamed skin conditionEczema
79%
The study of living things within their
environment
Ecology
76%
Having odd habits or appearanceEccentric
74.4%
Hint Answer % Correct
Pale beigeEcru
61.4%
Obtaining styles or ideas from diverse sourcesEclectic
57.9%
Of an out-of-place organ or pregnancyEctopic
55.4%
'Turn! Turn! Turn!' Bible bookEcclesiastes
54.5%
Actor Aaron who played Two-FaceEckhart
47.2%
Egg-laying Australian mammalEchidna
35.2%
Representing multiple Christian churchesEcumenical
35%
A level or rankEchelon
28.9%
A person with a naturally lean physiqueEctomorph
23.8%

You're not logged in!

Compare scores with friends on all Sporcle quizzes.
Join for Free
OR
Log In

You Might Also Like...

Show Comments

Extras

Top Quizzes Today


Score Distribution

Your Account Isn't Verified!

In order to create a playlist on Sporcle, you need to verify the email address you used during registration. Go to your Sporcle Settings to finish the process.

Report this User

Report this user for behavior that violates our Community Guidelines.

Details: